000 00752nam a2200205 i 4500
001 37153
003 ES-MaACL
005 20250812023446.0
007 t|
008 030220q19001999fr ||||1| fre d
100 1 _aBurckhardt, Jacob,
_d1818-1897
_932584
245 1 3 _aLe Cicerone
_b: guide de l'art antique et de l'art moderne en Italie /
_cpar Jacob Burckhardt ; traduit par Auguste Gérard ; sur la cinquième édition, revue et complétée par Wilhelm Bode.
260 _aParís :
_b[s.n.,
_c19--?] (
_fFirmin Didot et Cie)
300 _a2 v. ;
_c19 cm.
650 7 _aArte italiano
_2embne
_9155745
700 1 _aGérard, Auguste.
_956403
700 1 _aBode, Wilhelm.
_929691
852 _aES-MaACL
_jF-396-97
999 _c37153
_d37153